El efecto de la descentralización fiscal sobre el crecimiento, la inflación y la desigualdad en América (Registro nro. 34754)
[ vista simple ]
| 000 -LEADER | |
|---|---|
| fixed length control field | 00381 a2200109 4500 |
| 001 - CONTROL NUMBER | |
| control field | ART_46675 |
| 005 - DATE AND TIME OF LATEST TRANSACTION | |
| control field | 20260410162039.0 |
| 008 - FIXED-LENGTH DATA ELEMENTS--GENERAL INFORMATION | |
| fixed length control field | 260409a |
| 100 1# - MAIN ENTRY--PERSONAL NAME | |
| Personal name | Bojanic, Antonio N. |
| 245 10 - TITLE STATEMENT | |
| Title | El efecto de la descentralización fiscal sobre el crecimiento, la inflación y la desigualdad en América |
| 773 0# - HOST ITEM ENTRY | |
| Title | Revista Cepal |
| Related parts | - Nº 124 (abr. 2018) |
| Record control number | REV45125 |
No hay ítems disponibles.